Lancia Models - Statistics

General Stats
  • This quiz has been taken 46 times
  • The average score is 8 of 20
Answer Stats
Picture Answer % Correct
Delta
87%
Stratos
84%
037
66%
Ypsilon
66%
Thema
53%
Fulvia
47%
Thesis
45%
Musa
39%
Voyager
39%
Flavia
34%
Y10
34%
Dedra
32%
Kappa
32%
Lybra
29%
Phedra
29%
Flaminia
26%
Aurelia
21%
Beta Montecarlo
21%
Hyena
11%
Beta Coupe
8%
No matching quizzes found
Score Distribution
Percent of People with Each Score
Percentile by Number Answered
Your Score History
You have not taken this quiz